The management of nutrition in major emergencies (Registro nro. 1999)

Detalles MARC
000 -LEADER
fixed length control field 01067nam a2200313 a 4500
003 - CONTROL NUMBER IDENTIFIER
control field OSt
005 - FECHA ULTIMA MODIFICACION
control field 20190627105704.0
008 - FIXED-LENGTH DATA ELEMENTS--GENERAL INFORMATION
fixed length control field 131105s2000 sz ||||| |||| 00| 0 eng d
020 ## - INTERNATIONAL STANDARD BOOK NUMBER
International Standard Book Number 92-4-154520-8
040 ## - CATALOGING SOURCE
Transcribing agency Biblioteca Medicina
041 ## - LANGUAGE CODE
Language code of text/sound track or separate title eng
082 ## - DEWEY DECIMAL CLASSIFICATION NUMBER
Classification number OMS QU 145
110 ## - MAIN ENTRY--CORPORATE NAME
Corporate name or jurisdiction name as entry element Organizacion Mundial de la Salud
9 (RLIN) 1006
245 04 - TITLE STATEMENT
Title The management of nutrition in major emergencies
250 ## - EDITION STATEMENT
Edition statement 1° ed.
260 ## - PUBLICATION, DISTRIBUTION, ETC. (IMPRINT)
Place of publication, distribution, etc Ginebra
Name of publisher, distributor, etc Organizacion Mundial de la Salud;
-- United Nations High Commissioner for Refugees;
-- International Federation of Red Cross and Red Crescent Societies;
-- World Food Programme
Date of publication, distribution, etc 2000
300 ## - PHYSICAL DESCRIPTION
Extent 236 p.
500 ## - GENERAL NOTE
General note Baja Depósito Caja 33 Junio 2019
546 ## - LANGUAGE NOTE
Language note Texto en ingles
653 ## - INDEX TERM--UNCONTROLLED
Uncontrolled term ALIMENTACION DE EMERGENCIA
653 ## - INDEX TERM--UNCONTROLLED
Uncontrolled term REQUERIMIENTOS NUTRICIONALES
653 ## - INDEX TERM--UNCONTROLLED
Uncontrolled term ESTADO NUTRICIONAL
653 ## - INDEX TERM--UNCONTROLLED
Uncontrolled term TRASTORNOS NUTRICIONALES-PREVENCION Y CONTROL
653 ## - INDEX TERM--UNCONTROLLED
Uncontrolled term CONTROL DE ENFERMEDADES TRANSMISIBLES
653 ## - INDEX TERM--UNCONTROLLED
Uncontrolled term EMERGENCIAS
653 ## - INDEX TERM--UNCONTROLLED
Uncontrolled term MANUALES
856 ## - ELECTRONIC LOCATION AND ACCESS
Link text http://www.who.int/
942 ## - ADDED ENTRY ELEMENTS (KOHA)
Source of classification or shelving scheme Dewey Decimal Classification
Koha item type Hemeroteca
Existencias
Withdrawn status Lost status Fuente de clasificación Damaged status Use restrictions Not for loan Colección Ubicación permanente Ubicación actual Sala de ubicación Fecha de adquisición Total Checkouts Número de clasificación Código de barras Date last seen Número de ejemplar Price effective from Koha tipo de elemento (item)
    Dewey Decimal Classification   Restricted Access Not For Loan Non-fiction Biblioteca Medicina Biblioteca Medicina Circulación 05/11/2013   OMS QU 145 H0250 06/11/2014 Ej. 1 05/11/2013 Hemeroteca

UNIVERSIDAD NACIONAL DEL COMAHUE
Biblioteca de la Facultad de Ciencias Médicas
Sede Toschi: Los Arrayanes y Av. Toschi, Cipolletti  - Rio Negro
Sede Los Tordos:  Yrigoyen al 2211, Cipolletti - Rio Negro 

Teléfono: 0299 - 4774707 int 25
Contacto: biblioteca@facimed.uncoma.edu.ar
© 2011 - 2026